The world beyond your walls : (Record no. 12493)

MARC details
000 -LEADER
fixed length control field 00832nam a2200217 a 4500
003 - CONTROL NUMBER IDENTIFIER
control field PILC
005 - DATE AND TIME OF LATEST TRANSACTION
control field 20241106095710.0
008 - FIXED-LENGTH DATA ELEMENTS--GENERAL INFORMATION
fixed length control field 070219s1992 xx 00 eng d
010 ## - LIBRARY OF CONGRESS CONTROL NUMBER
LC control number Acc#29992
020 ## - INTERNATIONAL STANDARD BOOK NUMBER
International Standard Book Number 9715112536
040 ## - CATALOGING SOURCE
Transcribing agency Philippine Baptist Theological Seminary
050 ## - LIBRARY OF CONGRESS CALL NUMBER
Classification number BV 2063
Item number W635 1992
100 10 - MAIN ENTRY--PERSONAL NAME
Personal name Wiebracht, Dean
245 10 - TITLE STATEMENT
Title The world beyond your walls :
Remainder of title a manual for mobilizing your church in missions /
Statement of responsibility, etc. Dean Wiebracht.
260 0# - PUBLICATION, DISTRIBUTION, ETC (IMPRINT)
Place of publication, distribution, etc. Manila, Phils. :
Name of publisher, distributor, etc. OMF Literature Inc.,
Date of publication, distribution, etc. c1992.
300 ## - PHYSICAL DESCRIPTION
Extent 258 p. ; 22 cm.
504 ## - BIBLIOGRAPHY, ETC. NOTE
Bibliography, etc Include bibliographical references.
505 ## - FORMATTED CONTENTS NOTE
Formatted contents note Part 1. Catching the vision<br/>Part 2. Pausing for priorities<br/>Part 3. Charting your course<br/>Part 4. Building your team<br/>Part 5. Increasing your impact
650 ## - SUBJECT ADDED ENTRY--TOPICAL TERM
Topical term or geographic name as entry element MISSIONS
General subdivision MANUALS, HANDBOOKS, ETC.
942 ## - ADDED ENTRY ELEMENTS (KOHA)
Koha item type Circulation Books
Source of classification or shelving scheme Library of Congress Classification
Holdings
Withdrawn status Lost status Source of classification or shelving scheme Damaged status Not for loan Home library Current library Shelving location Date acquired Total Checkouts Full call number Barcode Date last seen Date last checked out Price effective from Koha item type
    Dewey Decimal Classification     PBTS Library PBTS Library Circulation Section 02/19/2007 5 BV 2063 W635 1992 29992 03/18/2026 07/16/2019 04/02/2015 Circulation Books

Philippine Baptist Theological Seminary | 19 Tacay Road, Central Guisad, Baguio City 2600, Philippines